000 02040pam a2200517 i 4500
001 sjdszescon b232935
003 sjds
005 20230629150306.0
008 200716s2021 nyua b 000 1 eng
010 _a2020030712
020 _a9781643794549
020 _a164379454X
040 _aDLC
_beng
_erda
_cDLC
041 1 _aeng
_aspa
_heng
042 _apcc
_alcac
050 4 _aPZ74.3.F34
_bIll 2021
082 0 0 _a[E]
_223
100 1 _aFahey, Jean Ciborowski,
_d1949-
_eauthor.
245 1 0 _aTe hare tu propio librero =
_bI'll build you a bookcase /
_cpor/by Jean Ciborowski Fahey ; ilustrado por/illustrated by Simone Shin ; adaptado por/adapted by Yanitzia Canetti.
246 3 1 _aI'll build you a bookcase.
250 _aFirst edition.
260 _aNew York :
_bLee & Low Books, Inc.,
_c[2021]
264 1 _aNew York :
_bLee & Low Books, Inc.,
_c[2021]
300 _a1 volume (unpaged) :
_bcolor illustrations ;
_c21 cm.
336 _atext
_btxt
_2rdacontent.
336 _astill image
_bsti
_2rdacontent.
337 _aunmediated
_bn
_2rdamedia.
338 _avolume
_bnc
_2rdacarrier.
520 _aIllustrations and rhyming text portray a loved one who promises to build a home library to hold treasures that grow and change along with their special child.
521 _aAges 4-6.
_bLee & Low Books, Inc.
521 _aGrades K-1.
_bLee & Low Books, Inc.
546 _aParallel text in English and Spanish.
650 1 _aStories in rhyme.
650 1 _aBookcases
_vFiction.
650 1 _aBooks and reading
_vFiction.
650 1 _aSpanish language materials
_vBilingual.
650 0 _aStories in rhyme.
650 0 _aBookcases
_vJuvenile fiction.
650 0 _aBooks and reading
_vJuvenile fiction.
655 7 _aPicture books.
_2lcgft.
700 1 _aShin, Simone,
_eillustrator.
700 1 _aCanetti, Yanitzia,
_d1967-
_etranslator.
700 1 2 _aFahey, Jean Ciborowski,
_d1949-
_tI'll build you a bookcase.
700 1 2 _aFahey, Jean Ciborowski,
_d1949-
_tI'll build you a bookcase.
_lSpanish.
942 _cBK
999 _c28249
_d28249